<?xml version="1.0" encoding="UTF-8"?>
<marc:record xmlns:marc="http://www.loc.gov/MARC21/slim">
   <marc:leader>00000nam a2200000 a 4500</marc:leader>
   <marc:datafield ind1="1" ind2=" " tag="100">
      <marc:subfield code="a">Chaplet, Anne</marc:subfield>
      <marc:subfield code="4">aut</marc:subfield>
      <marc:subfield code="e">Verfasser/-in</marc:subfield>
   </marc:datafield>
   <marc:datafield ind1="0" ind2="0" tag="245">
      <marc:subfield code="a">Sauberer Abgang</marc:subfield>
   </marc:datafield>
   <marc:datafield ind1="0" ind2="0" tag="245">
      <marc:subfield code="b">Der sechste Fall für Stark &amp; Bremer</marc:subfield>
   </marc:datafield>
   <marc:datafield ind1=" " ind2="1" tag="264">
      <marc:subfield code="b">Edel Elements - ein Verlag der Edel Verlagsgruppe</marc:subfield>
      <marc:subfield code="c">2021</marc:subfield>
   </marc:datafield>
   <marc:datafield ind1="1" ind2=" " tag="490">
      <marc:subfield code="a">Stark &amp; Bremer ; 6</marc:subfield>
   </marc:datafield>
   <marc:datafield ind1="1" ind2=" " tag="520">
      <marc:subfield code="a">Dalia Sonnenschein arbeit in den Büros der Topmanager Frankfurts &#x96; als Putzfrau. Eines Morgens findet sie die Leiche des Bankers Marcus Saitz und putzt in Panik einfach weiter, bis es keine Spuren mehr gibt. Aber Staatsanwältin Karen Stark glaubt sowieso nicht an einen Kriminalfall. Doch dann wird auch ihr Kollege Thomas Czernowitz tot aufgefunden. Eine Mordserie? Jedenfalls gehörten die beiden Toten einem Freundeskreis einflussreicher Frankfurter an. Mussten sie deshalb sterben? Oder wegen einer dramatischen Begebenheit fünfundzwanzig Jahre zuvor?</marc:subfield>
   </marc:datafield>
   <marc:datafield ind1=" " ind2=" " tag="020">
      <marc:subfield code="a">9783962153854</marc:subfield>
      <marc:subfield code="9">9783962153854</marc:subfield>
   </marc:datafield>
   <marc:datafield ind1="3" ind2=" " tag="024">
      <marc:subfield code="a">9783962153854</marc:subfield>
   </marc:datafield>
   <marc:datafield ind1=" " ind2=" " tag="041">
      <marc:subfield code="a">ger</marc:subfield>
   </marc:datafield>
   <marc:datafield ind1=" " ind2=" " tag="300">
      <marc:subfield code="a">288 S.</marc:subfield>
   </marc:datafield>
</marc:record>
